Statistics for flags 1914 1

Click here to take the quiz!

General Stats

  • This quiz has been taken 12 times
  • The average score is 14 of 16

Answer Stats

Answer% Correct
australia
91%
Austria-Hungary
91%
Belgium
91%
brazil
91%
Bulgaria
91%
cuba
91%
france
91%
norway
91%
russia
91%
Serbia
91%
usa
91%
ecuador
82%
Germany
82%
Ottoman Empire
82%
canada
64%
siam
55%

Score Distribution

Percentile by Number Answered

Percent of People with Each Score

Your Score History

You have not taken this quiz